000 00946nam a2200313Ia 4500
003 OSt
005 20221007122709.0
006 a|||||r|||| 00| 0
007 ta
008 221006b |||||||| |||| 00| 0 eng d
020 _a9780521176330 (pbk)
024 _a157016
037 _b900, 20/10/2011, Total Books India
_cTextual
040 _aPAPL
_cPAPL
_beng
041 _2eng
_aeng
082 _aCN30, P9;12-;13 Carpa
100 _aZwiebach Barton
245 0 _aFirst course in string therory
250 _a2
260 _aCambridge
_bCUP
_c2009
300 _axxii; 673p.
_ccm.
500 _aReferences 659-666p.; Index 667-673p.
650 _a Classical electrodynamics
650 _a Gauge field
_9714939
650 _a String theory
_9713986
650 _aPhysics
942 _hCN30, P9;12-;13 Carpa
_cTEXL
_2CC
999 _c1210795
_d1210795